[Event "Mumbai SMCA op 1st"]
[Site "Mumbai"]
[Date "2024.10.14"]
[Round "6"]
[White "Mishra, Sanjeev"]
[Black "Anirudh, Subramanian"]
[Result "1-0"]
[WhiteElo "1885"]
[BlackElo "1627"]
[PlyCount "71"]
[EventDate "2024.10.11"]
[EventType "swiss"]
[EventRounds "8"]
[EventCountry "IND"]
[SourceTitle "CB43_2024"]
[Source "Chessbase"]
[SourceDate "2024.10.23"]
[SourceVersion "1"]
[SourceVersionDate "2024.10.23"]
[SourceQuality "1"]

1. d4 d5 2. Nf3 Nf6 3. g3 e6 4. Bg2 Be7 5. 0-0 0-0 6. c4 c6 7. Nc3 dxc4 8. Ne5 Nd5 9. Nxc4 Nd7 10. e4 Nxc3 11. bxc3 b6 12. Re1 Ba6 13. Qb3 c5 14. Ne3 cxd4 15. cxd4 Rc8 16. Bb2 Bb7 17. Rac1 Rxc1 18. Rxc1 Bd6 19. Nc4 Be7 20. Ne3 Bd6 21. Qd1 Qa8 22. d5 exd5 23. Bxg7 Kxg7 24. Nf5+ Kh8 25. Nxd6 f6 26. Rc7 Bc6 27. exd5 Qb8 28. Rxc6 Ne5 29. Qd4 Nxc6 30. dxc6 Qc7 31. Nb5 Qe7 32. Qd6 Qe1+ 33. Bf1 Kg7 34. c7 Qc1 35. Nxa7 b5 36. Qxf8+ 1-0

[Event "Mumbai Transganization op"]
[Site "Mumbai"]
[Date "2024.01.28"]
[Round "8"]
[White "Anirudh, Subramanian"]
[Black "Arjun, Singh"]
[Result "1/2-1/2"]
[WhiteElo "1131"]
[BlackElo "1358"]
[PlyCount "156"]
[EventDate "2024.01.25"]
[EventType "swiss"]
[EventRounds "8"]
[EventCountry "IND"]
[SourceTitle "CBM 218 Extra"]
[Source "ChessBase"]
[SourceDate "2024.03.31"]
[SourceVersion "1"]
[SourceVersionDate "2024.03.31"]
[SourceQuality "1"]

1. e4 c5 2. Nf3 Nc6 3. d4 cxd4 4. Nxd4 g6 5. Nc3 Bg7 6. Be3 Nf6 7. f3 0-0 8. Be2 d5 9. exd5 Nxd5 10. Nxd5 Qxd5 11. Nxc6 Qxc6 12. c3 Bf5 13. 0-0 Qe6 14. Bf4 Rad8 15. Qe1 Qb6+ 16. Kh1 Qxb2 17. c4 Qxa1 18. Qxa1 Bxa1 19. Rxa1 Bd3 20. Bxd3 Rxd3 21. h3 Rd4 22. Be3 Rxc4 23. Bxa7 Ra8 24. Be3 Rca4 25. Rb1 Rb8 26. Rb2 b5 27. Bc5 Rb7 28. a3 e5 29. Re2 f6 30. g3 Kf7 31. Bb4 Raa7 32. f4 Ke6 33. fxe5 fxe5 34. Bc5 Ra4 35. Bb4 Rd7 36. Kg2 Rd4 37. Kf2 Raxb4 38. axb4 Rxb4 39. Ra2 Rb3 40. Ra7 h5 41. Ra6+ Kf5 42. g4+ hxg4 43. hxg4+ Kxg4 44. Rxg6+ Kf5 45. Rh6 b4 46. Ke2 Ke4 47. Rh4+ Kd5 48. Kd2 Rg3 49. Rxb4 e4 50. Ke2 Ke5 51. Rb8 Rg2+ 52. Ke1 Ra2 53. Rh8 Kd4 54. Rh3 Rc2 55. Kd1 Rb2 56. Ke1 Ra2 57. Kd1 Ra1+ 58. Ke2 Rg1 59. Ra3 Rg2+ 60. Ke1 Rh2 61. Kd1 Ke5 62. Ke1 Kf4 63. Rb3 Ra2 64. Kf1 Rd2 65. Ke1 Rd3 66. Rxd3 exd3 67. Kd2 Ke4 68. Kd1 Kd5 69. Kd2 Kd4 70. Kd1 Kc3 71. Kc1 Kc4 72. Kd2 Kd4 73. Kd1 Ke3 74. Ke1 Kf3 75. Kd2 Ke4 76. Kd1 Ke3 77. Ke1 d2+ 78. Kd1 Kd3 1/2-1/2

[Event "Mumbai Transganization op"]
[Site "Mumbai"]
[Date "2024.01.26"]
[Round "4"]
[White "Anirudh, Subramanian"]
[Black "Maniar, Hriday"]
[Result "1/2-1/2"]
[WhiteElo "1131"]
[BlackElo "1334"]
[PlyCount "70"]
[EventDate "2024.01.25"]
[EventType "swiss"]
[EventRounds "8"]
[EventCountry "IND"]
[SourceTitle "CBM 218 Extra"]
[Source "ChessBase"]
[SourceDate "2024.03.31"]
[SourceVersion "1"]
[SourceVersionDate "2024.03.31"]
[SourceQuality "1"]

1. e4 e5 2. Nf3 Nc6 3. Nc3 Nf6 4. g3 Bb4 5. d3 d6 6. Bg2 h6 7. h3 Be6 8. 0-0 Qd7 9. Kh2 0-0-0 10. a3 Ba5 11. b4 Bb6 12. Rb1 g5 13. Nd2 Bd4 14. Nd5 Bxd5 15. exd5 Ne7 16. c4 Rdg8 17. Ne4 Nxe4 18. dxe4 h5 19. Qb3 f5 20. exf5 Nxf5 21. c5 g4 22. h4 Qe7 23. cxd6 Qxd6 24. Be4 Rf8 25. Be3 Rhg8 26. Qd3 Qd7 27. Rbc1 Kb8 28. Bxf5 Qxf5 29. Qc4 Bb6 30. a4 Qd7 31. a5 Bxe3 32. fxe3 a6 33. e4 Rf3 34. Rxf3 gxf3 35. d6 Rg7 1/2-1/2

[Event "Mumbai Transganization op"]
[Site "Mumbai"]
[Date "2024.01.25"]
[Round "1"]
[White "Joglekar, Abhijit"]
[Black "Anirudh, Subramanian"]
[Result "0-1"]
[WhiteElo "1502"]
[BlackElo "1131"]
[PlyCount "120"]
[EventDate "2024.01.25"]
[EventType "swiss"]
[EventRounds "8"]
[EventCountry "IND"]
[SourceTitle "CBM 218 Extra"]
[Source "ChessBase"]
[SourceDate "2024.03.31"]
[SourceVersion "1"]
[SourceVersionDate "2024.03.31"]
[SourceQuality "1"]

1. d4 d5 2. c4 c6 3. Nc3 e6 4. Nf3 Nf6 5. e3 Bd6 6. Bd3 0-0 7. 0-0 Nbd7 8. Re1 Re8 9. e4 dxe4 10. Nxe4 Nxe4 11. Bxe4 Nf6 12. Bc2 b6 13. Qd3 Bf8 14. Bg5 g6 15. Ne5 Bb7 16. Ng4 Be7 17. Nh6+ Kg7 18. Rad1 Ng8 19. Bxe7 Qxe7 20. Ng4 Nf6 21. Ne5 Nd7 22. Ba4 Nxe5 23. Rxe5 Red8 24. Qe2 Qc7 25. h4 h5 26. g4 hxg4 27. h5 gxh5 28. Rxh5 Qf4 29. Rh4 f5 30. Qxe6 Qg5 31. Rh2 Re8 32. Qd6 Rad8 33. Qg3 Re7 34. Qc3 Kg6 35. Bc2 b5 36. b3 a6 37. Qd2 Qxd2 38. Rxd2 Re1+ 39. Kg2 Kg5 40. f3 Kf4 41. fxg4 Kxg4 42. Rh7 Bc8 43. Rg7+ Kh5 44. Rc7 Kg5 45. Kf2 Re6 46. Rf7 Red6 47. Rc7 a5 48. c5 Rh6 49. Kg2 Rdh8 50. Rf2 Rh4 51. Rxc6 Bb7 52. Rxf5+ Kg4 53. d5 Bxc6 54. dxc6 Rh2+ 55. Kg1 Rxc2 56. Rd5 Rc8 57. c7 Rxc7 58. c6 R7xc6 59. Rxb5 Rxa2 60. b4 Rc1# 0-1